<?xml version="1.0" encoding="UTF-8"?>
<record
    xmlns:xsi="http://www.w3.org/2001/XMLSchema-instance"
    xsi:schemaLocation="http://www.loc.gov/MARC21/slim http://www.loc.gov/standards/marcxml/schema/MARC21slim.xsd"
    xmlns="http://www.loc.gov/MARC21/slim">

  <leader>00716nam a22001577a 4500</leader>
  <controlfield tag="005">20250820151306.0</controlfield>
  <controlfield tag="008">250820b        |||||||| |||| 00| 0 eng d</controlfield>
  <datafield tag="050" ind1=" " ind2=" ">
    <subfield code="a">THE HG 1615 .K56 2015</subfield>
    <subfield code="b">C.1</subfield>
  </datafield>
  <datafield tag="100" ind1=" " ind2=" ">
    <subfield code="a">Kimoi, Anthony</subfield>
  </datafield>
  <datafield tag="245" ind1=" " ind2=" ">
    <subfield code="a">Assessment of Credit Risk Managemnt Practices on Organizational Performance: a Survey of Savings and Credit Co-operative Societies in Eldoret Town, Kenya</subfield>
  </datafield>
  <datafield tag="260" ind1=" " ind2=" ">
    <subfield code="a">Kisii</subfield>
    <subfield code="b">Kisii University</subfield>
    <subfield code="c">2015</subfield>
  </datafield>
  <datafield tag="300" ind1=" " ind2=" ">
    <subfield code="a">xv, 82p.:ill.</subfield>
  </datafield>
  <datafield tag="500" ind1=" " ind2=" ">
    <subfield code="a">Includes bibliographical references</subfield>
  </datafield>
  <datafield tag="650" ind1=" " ind2=" ">
    <subfield code="a">1. Credit risk&#x2014;Kenya&#x2014;Eldoret. 2. Risk management&#x2014;Kenya. 3. Savings and credit cooperatives&#x2014;Kenya&#x2014;Eldoret. 4. Cooperative societies&#x2014;Kenya&#x2014;Performance.</subfield>
  </datafield>
  <datafield tag="942" ind1=" " ind2=" ">
    <subfield code="2">lcc</subfield>
    <subfield code="c">REF</subfield>
  </datafield>
  <datafield tag="999" ind1=" " ind2=" ">
    <subfield code="c">216046</subfield>
    <subfield code="d">216046</subfield>
  </datafield>
  <datafield tag="952" ind1=" " ind2=" ">
    <subfield code="0">0</subfield>
    <subfield code="1">0</subfield>
    <subfield code="2">lcc</subfield>
    <subfield code="4">0</subfield>
    <subfield code="6">THE H G1615 K56  02015</subfield>
    <subfield code="7">0</subfield>
    <subfield code="8">SC</subfield>
    <subfield code="9">372872</subfield>
    <subfield code="a">KSUL</subfield>
    <subfield code="b">KSUL</subfield>
    <subfield code="d">2025-08-20</subfield>
    <subfield code="i">108050</subfield>
    <subfield code="l">0</subfield>
    <subfield code="o">THE HG 1615 .K56 2015</subfield>
    <subfield code="p">000000024829</subfield>
    <subfield code="r">2025-08-20 15:14:14</subfield>
    <subfield code="t">C.1</subfield>
    <subfield code="w">2025-08-20</subfield>
    <subfield code="y">REF</subfield>
  </datafield>
</record>
